[Event "Nuremberg Zabo op 20th"]
[Site "Nuremberg"]
[Date "2018.09.15"]
[Round "3"]
[White "Hirn, Thomas"]
[Black "Laustsen, Karl Johann"]
[Result "1/2-1/2"]
[WhiteElo "1584"]
[BlackElo "1696"]
[PlyCount "58"]
[EventDate "2018.09.15"]
[EventType "swiss"]
[EventRounds "5"]
[EventCountry "GER"]
[SourceTitle "EXT 2020"]
[Source "ChessBase"]
[SourceDate "2019.10.17"]
[SourceVersion "1"]
[SourceVersionDate "2019.10.17"]
[SourceQuality "1"]

1. e4 c5 2. Nf3 d6 3. d4 cxd4 4. Nxd4 Nf6 5. Nc3 a6 6. Be2 e5 7. Nf3 Be7 8. a4 Qc7 9. 0-0 h6 10. Be3 Be6 11. Ne1 Nbd7 12. Nd3 0-0 13. f4 exf4 14. Nxf4 Ne5 15. Ncd5 Nxd5 16. Nxd5 Bxd5 17. exd5 Rac8 18. c3 Nc4 19. Bxc4 Qxc4 20. Rf4 Qc7 21. Rg4 f5 22. Rg6 Rf6 23. Qh5 Rxg6 24. Qxg6 Bg5 25. Bxg5 hxg5 26. Qxf5 Rf8 27. Qe6+ Kh8 28. Qh3+ Kg8 29. Qe6+ Kh8 1/2-1/2

[Event "Nuremberg Zabo op 19th"]
[Site "Nuremberg"]
[Date "2017.09.15"]
[Round "1"]
[White "Gerl, Hans Peter"]
[Black "Hirn, Thomas"]
[Result "1-0"]
[WhiteElo "1955"]
[BlackElo "1509"]
[PlyCount "111"]
[EventDate "2017.09.15"]
[EventType "swiss"]
[EventRounds "5"]
[EventCountry "GER"]
[SourceTitle "EXT 2022"]
[Source "ChessBase"]
[SourceDate "2021.10.06"]
[SourceVersion "1"]
[SourceVersionDate "2021.10.06"]
[SourceQuality "1"]

1. d4 d5 2. c4 dxc4 3. e4 e6 4. Bxc4 Nf6 5. Nc3 a6 6. a4 Bb4 7. Qd3 Nc6 8. Nge2 Na5 9. Ba2 c5 10. d5 exd5 11. exd5 0-0 12. 0-0 Nc6 13. Bf4 Ne7 14. h3 Bf5 15. Qf3 Qd7 16. Bg5 Qd6 17. g4 Bg6 18. Bxf6 gxf6 19. Ng3 Bxc3 20. bxc3 b5 21. axb5 axb5 22. c4 b4 23. Bb3 Kh8 24. Rfe1 Ng8 25. Kg2 Rxa1 26. Rxa1 Qe5 27. Ra2 Re8 28. Re2 Qxe2 29. Qxe2 Rxe2 30. Nxe2 Ne7 31. Nf4 Nc8 32. h4 h6 33. h5 Bh7 34. Kf3 Kg7 35. Ke3 Kf8 36. Ne2 Ke7 37. f4 f5 38. g5 hxg5 39. fxg5 Nd6 40. Nf4 Nb7 41. Kd3 Kd6 42. Ba4 Ke5 43. Ke3 Na5 44. Nd3+ Kd6 45. Nb2 Ke5 46. Nd3+ Kd6 47. Bb5 Nb7 48. Kf4 Ke7 49. Ke5 Nd6 50. Nxc5 Nxb5 51. cxb5 f4 52. d6+ Ke8 53. Kxf4 Bc2 54. Ke3 b3 55. Kd2 Bf5 56. Kc3 1-0

[Event "Zirndorf Cup"]
[Site "Zirndorf"]
[Date "2017.09.03"]
[Round "7"]
[White "Hirn, Thomas"]
[Black "Kleist, Werner"]
[Result "1-0"]
[WhiteElo "1645"]
[BlackElo "1763"]
[PlyCount "59"]
[EventDate "2017.08.30"]
[EventType "swiss"]
[EventRounds "7"]
[EventCountry "GER"]
[SourceTitle "CBM 180 Extra"]
[Source "ChessBase"]
[SourceDate "2017.10.06"]
[SourceVersion "1"]
[SourceVersionDate "2017.10.06"]
[SourceQuality "1"]

1. e4 d6 2. d4 e6 3. Nf3 h6 4. Bc4 Nf6 5. Nc3 a6 6. a4 b6 7. d5 e5 8. h3 g6 9. Be3 Bg7 10. Qd2 Bb7 11. 0-0 c6 12. dxc6 Nxc6 13. Rad1 g5 14. Qxd6 Qxd6 15. Rxd6 0-0 16. Bxb6 Ne8 17. Rd2 Nf6 18. Rfd1 Nd4 19. Nxe5 Nxe4 20. Nxe4 Bxe5 21. Bxd4 Bxd4 22. Rxd4 Kg7 23. f3 Bxe4 24. fxe4 a5 25. Rd7 Rac8 26. b3 Rc5 27. Rd8 Re5 28. Rxf8 Kxf8 29. Bd5 Ke7 30. Rf1 1-0

[Event "Zirndorf Cup"]
[Site "Zirndorf"]
[Date "2017.09.02"]
[Round "6"]
[White "Mock, Gabriel"]
[Black "Hirn, Thomas"]
[Result "1-0"]
[WhiteElo "1472"]
[BlackElo "1645"]
[PlyCount "63"]
[EventDate "2017.08.30"]
[EventType "swiss"]
[EventRounds "7"]
[EventCountry "GER"]
[SourceTitle "CBM 180 Extra"]
[Source "ChessBase"]
[SourceDate "2017.10.06"]
[SourceVersion "1"]
[SourceVersionDate "2017.10.06"]
[SourceQuality "1"]

1. e4 c5 2. Nf3 e6 3. d4 cxd4 4. Nxd4 Nf6 5. Nc3 d6 6. Be3 a6 7. Be2 Be7 8. 0-0 0-0 9. f4 Nc6 10. Bf3 Qc7 11. Qe2 Bd7 12. g4 Nxd4 13. Bxd4 e5 14. Be3 Bc6 15. g5 Ne8 16. f5 f6 17. g6 h6 18. Qd2 Bd8 19. Kh1 Qe7 20. Rg1 Nc7 21. Rg3 Qd7 22. Bxh6 gxh6 23. Qxh6 Qg7 24. Qh7+ Qxh7 25. gxh7+ Kh8 26. Rag1 Be7 27. Rg7 Bd8 28. Rg8+ Kxh7 29. Rxf8 Be8 30. Rgg8 Be7 31. Rh8+ Kg7 32. Rfg8+ 1-0

[Event "Zirndorf Cup"]
[Site "Zirndorf"]
[Date "2017.08.31"]
[Round "3"]
[White "Feicht, Arno"]
[Black "Hirn, Thomas"]
[Result "1-0"]
[WhiteElo "1991"]
[BlackElo "1645"]
[PlyCount "63"]
[EventDate "2017.08.30"]
[EventType "swiss"]
[EventRounds "7"]
[EventCountry "GER"]
[SourceTitle "CBM 180 Extra"]
[Source "ChessBase"]
[SourceDate "2017.10.06"]
[SourceVersion "1"]
[SourceVersionDate "2017.10.06"]
[SourceQuality "1"]

1. e4 c5 2. a3 e6 3. b4 cxb4 4. axb4 d5 5. exd5 Qxd5 6. Bb2 Nf6 7. Nc3 Qd8 8. b5 Nbd7 9. Nf3 Be7 10. g3 0-0 11. Bg2 Nb6 12. d3 Qc7 13. 0-0 Bd7 14. Rb1 Rfc8 15. Ba1 a6 16. bxa6 Rxa6 17. Rb3 Rca8 18. Bb2 Na4 19. Nxa4 Bxa4 20. Be5 Qc8 21. Rb2 Bc6 22. Nd4 Bxg2 23. Kxg2 Nd7 24. Bf4 e5 25. Nf5 Bf6 26. Bd2 Nc5 27. Qf3 e4 28. dxe4 Ra3 29. Qg4 Nxe4 30. Qxe4 R3a4 31. Rb4 Rxb4 32. Bxb4 1-0

[Event "Pyramiden Franken Cup"]
[Site "Fuerth"]
[Date "2016.09.02"]
[Round "2"]
[White "Meulner, Fabian"]
[Black "Hirn, Thomas"]
[Result "1-0"]
[WhiteElo "1870"]
[BlackElo "1734"]
[PlyCount "41"]
[EventDate "2016.09.01"]
[EventType "swiss"]
[EventRounds "7"]
[EventCountry "GER"]
[SourceTitle "CBM 174 Extra"]
[Source "ChessBase"]
[SourceDate "2016.10.10"]
[SourceVersion "1"]
[SourceVersionDate "2016.10.10"]
[SourceQuality "1"]

1. e4 c5 2. Nf3 e6 3. d4 cxd4 4. Nxd4 a6 5. Nc3 Nc6 6. Be3 Qc7 7. Qd2 Bb4 8. 0-0-0 Nge7 9. f3 Ng6 10. Kb1 0-0 11. h4 Nxd4 12. Bxd4 e5 13. Nd5 Bxd2 14. Nxc7 exd4 15. Rxd2 Ra7 16. Rxd4 b5 17. Nd5 Bb7 18. h5 Bxd5 19. hxg6 Bxa2+ 20. Kxa2 fxg6 21. Be2 1-0

[Event "Pyramiden Franken Cup"]
[Site "Fuerth"]
[Date "2015.09.06"]
[Round "7"]
[White "Hirn, Thomas"]
[Black "Suess, Helmut"]
[Result "0-1"]
[WhiteElo "1488"]
[BlackElo "1959"]
[PlyCount "80"]
[EventDate "2015.09.03"]
[EventType "swiss"]
[EventRounds "7"]
[EventCountry "GER"]
[SourceTitle "EXT 2016"]
[Source "ChessBase"]
[SourceDate "2015.10.08"]
[SourceVersion "1"]
[SourceVersionDate "2015.10.08"]
[SourceQuality "1"]

1. e4 c6 2. d4 d5 3. Nc3 dxe4 4. Nxe4 Bf5 5. Ng3 Bg6 6. Nf3 e6 7. Be2 Nd7 8. 0-0 Bd6 9. c4 Ngf6 10. Bg5 Qc7 11. Qb3 h6 12. Bd2 0-0 13. Rae1 Qb6 14. Bd1 Qxb3 15. Bxb3 Bd3 16. Ne2 Ne4 17. c5 Bc7 18. Kh1 Nxd2 19. Nxd2 Ba5 20. Bc4 Bxd2 21. Bxd3 Bxe1 22. Rxe1 Nf6 23. f3 Rfd8 24. Rd1 Nd5 25. a4 Rd7 26. b3 Rad8 27. Kg1 g5 28. g3 Kg7 29. Kf2 f5 30. f4 Nb4 31. Bc4 Kf6 32. Rd2 a5 33. Kf3 Rg7 34. h3 Rdg8 35. fxg5+ hxg5 36. g4 Rh8 37. Ng1 Rgh7 38. Re2 Re7 39. Re5 Nc2 40. Ne2 Nxd4+ 0-1

[Event "Nuremberg Zabo op 04th"]
[Site "Nuremberg"]
[Date "2002.09.27"]
[Round "1"]
[White "Herth, Joachim"]
[Black "Hirn, Thomas"]
[Result "0-1"]
[WhiteElo "1743"]
[BlackElo "1608"]
[PlyCount "82"]
[EventDate "2002.09.27"]
[EventType "swiss"]
[EventRounds "5"]
[EventCountry "GER"]
[SourceTitle "EXT 2003"]
[Source "ChessBase"]
[SourceDate "2002.11.25"]
[SourceVersion "1"]
[SourceVersionDate "2002.11.25"]
[SourceQuality "1"]

1. e4 c5 2. c3 e6 3. d4 cxd4 4. cxd4 a6 5. Bd3 Nc6 6. Nf3 Bb4+ 7. Nc3 Nge7 8. Be3 d5 9. e5 Bd7 10. h4 Na7 11. a3 Ba5 12. Ng5 Nf5 13. Qh5 g6 14. Qf3 Qe7 15. h5 Nb5 16. Rc1 Nbxd4 17. Qg4 Nc6 18. hxg6 fxg6 19. Nxh7 0-0-0 20. b4 Nxe3 21. fxe3 Bc7 22. Bxg6 Nxe5 23. Qd4 Nxg6 24. Qa7 Bc6 25. b5 axb5 26. Nxb5 Bxb5 27. Qa8+ Kd7 28. Qxb7 Bc4 29. Rxc4 dxc4 30. Qb5+ Kc8 31. Qa6+ Kd7 32. Qb5+ Kc8 33. Qa6+ Kb8 34. 0-0 Bb6 35. Rb1 Rd6 36. Rxb6+ Rxb6 37. Qxb6+ Qb7 38. Qd6+ Ka8 39. Nf6 Qb1+ 40. Kf2 Qb2+ 41. Kf3 Qxf6+ 0-1